Loading...
| Science - Biology | 0 | 8 | 2 | 1 | 70 | 34 | 99.13 | 0 | 1 | 0.00 | 0.00 |
| Religion | 0 | 6 | 0 | 0 | 60 | 47 | 83.17 | 0 | 3 | 0.00 | 0.00 |
| History - World | 0 | 6 | 0 | 2 | 60 | 85 | 117.50 | 0 | 0 | 0.00 | 0.00 |
| Geography | 0 | 6 | 0 | 0 | 60 | 12 | 69.83 | 1 | 3 | 0.00 | 0.00 |
| Science - Chemistry | 0 | 4 | 1 | 2 | 35 | 82 | 112.75 | 0 | 0 | 0.00 | 0.00 |
| Any History | 0 | 3 | 2 | 1 | 20 | 93 | 116.00 | 0 | 1 | 0.00 | 0.00 |
| Current Events | 0 | 3 | 2 | 0 | 20 | 56 | 95.67 | 1 | 1 | 0.00 | 0.00 |
| Literature - World | 0 | 2 | 0 | 1 | 20 | 114 | 125.00 | 0 | 0 | 0.00 | 0.00 |
| Mythology | 0 | 2 | 0 | 0 | 20 | 93 | 109.50 | 0 | 0 | 0.00 | 0.00 |
| History - American | 0 | 2 | 1 | 1 | 15 | 59 | 91.00 | 1 | 1 | 0.00 | 0.00 |
| Science - Physics | 0 | 3 | 3 | 0 | 15 | 98 | 112.67 | 0 | 0 | 0.00 | 0.00 |
| Science - Other | 0 | 2 | 1 | 1 | 15 | 80 | 105.00 | 0 | 1 | 0.00 | 0.00 |
| Literature - European | 0 | 1 | 0 | 1 | 10 | 138 | 138.00 | 0 | 0 | 0.00 | 0.00 |
| Fine Arts - Other | 0 | 1 | 0 | 0 | 10 | 113 | 113.00 | 0 | 0 | 0.00 | 0.00 |
| Other Academic | 0 | 1 | 0 | 0 | 10 | 94 | 94.00 | 0 | 0 | 0.00 | 0.00 |
| Fine Arts - Classical Music | 0 | 2 | 2 | 0 | 10 | 102 | 124.00 | 0 | 0 | 0.00 | 0.00 |